| 000 | 12816cam a2202425 a 4500 | ||
|---|---|---|---|
| 999 | _c53488 | ||
| 001 | 18748842 | ||
| 003 | LIBRIS | ||
| 005 | 20200930124306.0 | ||
| 008 | 151204s2016 sw |||||||||||000 0|swe|c | ||
| 020 | _a9789144104942 | ||
| 035 | _a(BOKR)9789144104942 | ||
| 040 |
_aBOKR _dMhs _dS _ea |
||
| 041 | _aswe | ||
| 050 | 4 | _aHC 140 | |
| 050 | 4 | _aHC 160 | |
| 082 | 0 | 4 |
_a658.4 _223/swe |
| 084 |
_aDokaa _2kssb/8 |
||
| 084 |
_aQbab _2kssb/8 |
||
| 100 | 1 |
_aHilmarsson, Hilmar Thór, _d1962- _4aut _0https://libris.kb.se/c9prtrvw2sz04tx#it |
|
| 245 | 1 | 0 |
_aCoachande ledarskap : _bför samarbete, effektivitet och hälsa / _cHilmar Thór Hilmarsson. |
| 250 | _a1. uppl. | ||
| 264 | 1 |
_aLund : _bStudentlitteratur, _c2016 |
|
| 264 | 3 | _aEstland | |
| 300 |
_a203 s. _c23 cm |
||
| 500 |
_5Li _aPliktex. |
||
| 650 | 7 |
_aLedarskap _0https://id.kb.se/term/sao/Ledarskap _2sao |
|
| 650 | 7 |
_aMental träning _0https://id.kb.se/term/sao/Mental%20tr%C3%A4ning _2sao |
|
| 650 | 2 | _aLeadership | |
| 650 | 0 | _aLeadership | |
| 650 | 7 |
_aLedarskap _0https://id.kb.se/term/sao/Ledarskap _2sao |
|
| 650 | 7 |
_aMental träning _0https://id.kb.se/term/sao/Mental%20tr%C3%A4ning _2sao |
|
| 653 | _aLedarskap | ||
| 887 |
_a{"@id":"2ldp6sfd0c1bbm1","modified":"2019-06-12T17:44:19.522+02:00","checksum":"84950571227"} _2librisxl |
||
| 887 |
_a{"@id":"6bk0jgdc3w8vf3z","modified":"2018-02-06T14:06:37+01:00","checksum":"57249159012"} _2librisxl |
||
| 887 |
_a{"@id":"jnwvxw6p3v1hldb","modified":"2016-03-07T16:36:36+01:00","checksum":"36903250288"} _2librisxl |
||
| 887 |
_a{"@id":"tz6532n03xjs8hn","modified":"2016-03-03T11:48:25+01:00","checksum":"44174612237"} _2librisxl |
||
| 887 |
_a{"@id":"15dddlf627k0vp4","modified":"2016-04-22T10:59:57+02:00","checksum":"110553501304"} _2librisxl |
||
| 887 |
_a{"@id":"w18756l240tsr5j","modified":"2016-03-03T14:53:53+01:00","checksum":"38255280395"} _2librisxl |
||
| 887 |
_a{"@id":"8dmlppjf548v6g5","modified":"2016-03-11T18:12:34+01:00","checksum":"38710602298"} _2librisxl |
||
| 887 |
_a{"@id":"26fcnf6732lf69q","modified":"2016-06-15T13:32:39+02:00","checksum":"42261662641"} _2librisxl |
||
| 887 |
_a{"@id":"15dg3lq6455lp9f","modified":"2017-02-06T18:33:47+01:00","checksum":"54269237999"} _2librisxl |
||
| 887 |
_a{"@id":"6bkjbtbc55hv1mh","modified":"2016-04-25T16:42:06+02:00","checksum":"32455104147"} _2librisxl |
||
| 887 |
_a{"@id":"48hl8rs936rsfk7","modified":"2016-12-12T13:38:08+01:00","checksum":"72420693407"} _2librisxl |
||
| 887 |
_a{"@id":"19rzj80lz43vsrml","modified":"2019-11-22T11:11:35.121+01:00","checksum":"31720526567"} _2librisxl |
||
| 887 |
_a{"@id":"tz63pt600k1mwwr","modified":"2016-01-13T10:07:46+01:00","checksum":"45158446185"} _2librisxl |
||
| 887 |
_a{"@id":"djrq0jwk4q7g0ds","modified":"2020-09-09T15:22:17.922+02:00","checksum":"68552024881"} _2librisxl |
||
| 887 |
_a{"@id":"p1qmg856m1gjz1wj","modified":"2019-12-20T14:16:17.943+01:00","checksum":"34901628324"} _2librisxl |
||
| 887 |
_a{"@id":"2bblg5520c82zsf0","modified":"2018-10-04T09:41:19.565+02:00","checksum":"35461664371"} _2librisxl |
||
| 887 |
_a{"@id":"fksqfdsl08x1nsp","modified":"2020-07-24T14:37:49.923+02:00","checksum":"59912933018"} _2librisxl |
||
| 887 |
_a{"@id":"48hjkf392gbrqst","modified":"2016-07-01T15:04:09+02:00","checksum":"41155561275"} _2librisxl |
||
| 887 |
_a{"@id":"7cllr0jd2cvcvsp","modified":"2016-05-11T12:07:13+02:00","checksum":"64134414838"} _2librisxl |
||
| 887 |
_a{"@id":"2bbm811f06mc9m54","modified":"2018-10-04T15:03:28.3+02:00","checksum":"35809680745"} _2librisxl |
||
| 887 |
_a{"@id":"6bkh77zc06f62d1","modified":"2016-02-25T14:00:09+01:00","checksum":"37088878722"} _2librisxl |
||
| 887 |
_a{"@id":"sx53qwjz1dhj44f","modified":"2016-02-17T13:47:26+01:00","checksum":"64480457348"} _2librisxl |
||
| 887 |
_a{"@id":"s2lwwcddqdq2v7m9","modified":"2019-02-12T15:01:21.628+01:00","checksum":"41732215671"} _2librisxl |
||
| 887 |
_a{"@id":"w186h282201lzm3","modified":"2017-06-01T13:35:05+02:00","checksum":"60624773564"} _2librisxl |
||
| 887 |
_a{"@id":"djrqvrxk4ttqcl8","modified":"2016-03-16T14:07:56+01:00","checksum":"66162453134"} _2librisxl |
||
| 887 |
_a{"@id":"59jd8w7b10qzvx7","modified":"2015-12-14T14:02:38+01:00","checksum":"43611559576"} _2librisxl |
||
| 887 |
_a{"@id":"kpxwz26q223z675","modified":"2016-03-08T16:06:46+01:00","checksum":"59112047152"} _2librisxl |
||
| 887 |
_a{"@id":"tz65tb403qjwls0","modified":"2016-04-08T15:06:08+02:00","checksum":"45544989620"} _2librisxl |
||
| 887 |
_a{"@id":"8dmlrw8f470x8db","modified":"2018-01-08T12:34:03+01:00","checksum":"72475828946"} _2librisxl |
||
| 887 |
_a{"@id":"8dmkcs3f3b9bz2f","modified":"2016-02-29T14:14:12+01:00","checksum":"60850407643"} _2librisxl |
||
| 887 |
_a{"@id":"jnwv5zzp5v75j01","modified":"2017-06-15T11:19:40+02:00","checksum":"42972906430"} _2librisxl |
||
| 887 |
_a{"@id":"37gc5zt8191dq2d","modified":"2018-07-05T10:34:51.305+02:00","checksum":"70592867007"} _2librisxl |
||
| 887 |
_a{"@id":"kpxwtt1q3l53rlj","modified":"2016-03-03T12:57:53+01:00","checksum":"42611848548"} _2librisxl |
||
| 887 |
_a{"@id":"59jqllnb2ncfzhs","modified":"2017-03-31T10:36:24+02:00","checksum":"42734061473"} _2librisxl |
||
| 887 |
_a{"@id":"mr0z0m4s0hzwhls","modified":"2016-03-04T10:38:10+01:00","checksum":"37178152910"} _2librisxl |
||
| 887 |
_a{"@id":"59jg7qnb3l736r6","modified":"2016-02-26T16:08:36+01:00","checksum":"65588417197"} _2librisxl |
||
| 887 |
_a{"@id":"1bn4z22cz3g9hqd1","modified":"2020-05-15T16:17:18.527+02:00","checksum":"38611052496"} _2librisxl |
||
| 887 |
_a{"@id":"z3bdr8x40lfnrr7","modified":"2016-09-29T18:20:28+02:00","checksum":"71538753526"} _2librisxl |
||
| 887 |
_a{"@id":"djr52r7k4b1jp8b","modified":"2018-01-10T14:14:01+01:00","checksum":"64020880247"} _2librisxl |
||
| 887 |
_a{"@id":"9fnm1t2g25s0d5l","modified":"2020-08-25T13:52:57.532+02:00","checksum":"71021477073"} _2librisxl |
||
| 887 |
_a{"@id":"chqpq7vj5bbmn5p","modified":"2016-03-04T09:11:19+01:00","checksum":"38896628796"} _2librisxl |
||
| 887 |
_a{"@id":"fksq9w1l2vpvksf","modified":"2016-02-15T16:52:49+01:00","checksum":"88953923509"} _2librisxl |
||
| 887 |
_a{"@id":"37gfjvk818v0z43","modified":"2016-03-14T15:33:33+01:00","checksum":"66527822654"} _2librisxl |
||
| 887 |
_a{"@id":"mr0zv49s3htvq6x","modified":"2016-03-02T13:16:12+01:00","checksum":"68752915999"} _2librisxl |
||
| 887 |
_a{"@id":"fks8mmgl0mw53nz","modified":"2018-04-06T13:51:56+02:00","checksum":"43396618592"} _2librisxl |
||
| 887 |
_a{"@id":"glt3dlsm2jlt1m6","modified":"2017-08-29T15:23:37+02:00","checksum":"67024687614"} _2librisxl |
||
| 887 |
_a{"@id":"59jl5p3b1qz8jmv","modified":"2016-10-17T16:13:08+02:00","checksum":"67767962743"} _2librisxl |
||
| 887 |
_a{"@id":"48hg49f925lg0vp","modified":"2016-04-08T12:37:53+02:00","checksum":"73793934224"} _2librisxl |
||
| 887 |
_a{"@id":"ns1gzd8t0ls4vcg","modified":"2018-02-02T10:04:18+01:00","checksum":"59224016108"} _2librisxl |
||
| 887 |
_a{"@id":"mr0z2m2s1kpjw20","modified":"2016-03-15T16:15:58+01:00","checksum":"61517258785"} _2librisxl |
||
| 887 |
_a{"@id":"mr0z1crs4ph0rhw","modified":"2016-03-09T15:12:41+01:00","checksum":"71878234764"} _2librisxl |
||
| 887 |
_a{"@id":"fks62fql3n43bcj","modified":"2018-01-10T11:12:27+01:00","checksum":"66253327702"} _2librisxl |
||
| 887 |
_a{"@id":"6bkh359c3n916wh","modified":"2016-03-21T11:49:17+01:00","checksum":"39747064162"} _2librisxl |
||
| 887 |
_a{"@id":"fptfkbjhctp6qn63","modified":"2018-11-02T13:04:07.643+01:00","checksum":"36378589897"} _2librisxl |
||
| 887 |
_a{"@id":"48hd4l690pfdw2x","modified":"2019-05-08T09:49:32.823+02:00","checksum":"74856083883"} _2librisxl |
||
| 900 | 0 | s |
_6100 _d1962- _uHilmarsson, Hilmar Thór, _d1962- |
| 900 | 1 | s |
_6100 _d1962- _uHilmarsson, Hilmar Thór, _d1962- |
| 900 | 1 | s |
_6100 _d1962- _uHilmarsson, Hilmar Thór, _d1962- |
| 942 |
_2z _cBOOK |
||